000 00752nam a22001937a 4500
999 _c182708
_d182708
005 20211202121943.0
010 _aUR-11347
020 _c200.00
_a9789390533046
035 _aU-9902
037 _bDBAD/PUB
082 _a840.08
100 _aمعر ا ج ا حمد معر ا ج
245 _aڈ ا کٹرمنا ظر عا شق ہر گا نو ی کے منتخب ا د ا ر يۓ
_cمعر ا ج ا حمد معر ا ج
246 _aManazir Ashiq Harganvi Ke Muntakhib Edarie:Tajazie Wa Tabsire Urdu)
_bby Mehraj Ahmed Meraj
260 _aN.Delhi
_c2020 ء
_bEducational Publishing House
270 _aD1/16,Ansari Road,Darya Ganj,
_bNew Delhi
_e110002
_l -
300 _a128 ص
_c22 Cm(Hb)
942 _2ddc
_cUR
_h840.1
_mم ع ر